| 000 | 00838nam a2200253 i 4500 | ||
|---|---|---|---|
| 003 | EG-ScBUE | ||
| 005 | 20260510090709.0 | ||
| 008 | 200219s2014 nyua f 000 0 eng d | ||
| 020 | _a9780847838578 | ||
| 040 |
_aEG-ScBUE _beng _erda _cEG-ScBUE _dEG-ScBUE |
||
| 082 | 0 | 4 |
_222 _a747.019 _bCRA |
| 100 | 1 |
_aCrawford, Ilse, _eauthor. |
|
| 245 | 1 | 2 |
_aA frame for life / _cIlse Crawford. |
| 264 | 1 |
_aNew York : _bRizzoli International Publications, Inc., _c2014. |
|
| 300 |
_a271 pages : _bcolor illustrations ; _c30 cm |
||
| 336 |
_2rdacontent _atext _btxt |
||
| 337 |
_2rdamedia _aunmediated _bn |
||
| 338 |
_2rdacarrier _avolume _bnc |
||
| 650 | 7 |
_2BUEsh _aInterior decoration _xPsychological aspects |
|
| 650 | 7 |
_2BUEsh _aArchitecture, Domestic _xPsychological aspects |
|
| 653 |
_cMay2026 _bART |
||
| 655 | _vReading book | ||
| 942 |
_2ddc _cBB |
||
| 999 |
_c31202 _d31173 |
||